Communist propaganda among American youth; (Record no. 21907)
[ view plain ]
| 000 -LEADER | |
|---|---|
| fixed length control field | 01090cam a22002411 4500 |
| 001 - CONTROL NUMBER | |
| control field | e 42000386 |
| 003 - CONTROL NUMBER IDENTIFIER | |
| control field | DLC |
| 005 - DATE AND TIME OF LATEST TRANSACTION | |
| control field | 20260227111231.0 |
| 008 - FIXED-LENGTH DATA ELEMENTS--GENERAL INFORMATION | |
| fixed length control field | 780215s1935 xx 000 0 eng |
| 010 ## - LIBRARY OF CONGRESS CONTROL NUMBER | |
| LC control number | e 42000386 |
| 035 ## - SYSTEM CONTROL NUMBER | |
| System control number | (OCoLC)3639740 |
| 040 ## - CATALOGING SOURCE | |
| Original cataloging agency | DLC |
| Transcribing agency | NjMD |
| Modifying agency | DLC |
| 042 ## - AUTHENTICATION CODE | |
| Authentication code | premarc |
| 050 00 - LIBRARY OF CONGRESS CALL NUMBER | |
| Classification number | HX89 |
| Item number | .C45 |
| 110 2# - MAIN ENTRY--CORPORATE NAME | |
| Corporate name or jurisdiction name as entry element | Chamber of Commerce of the United States of America. |
| 245 10 - TITLE STATEMENT | |
| Title | Communist propaganda among American youth; |
| Remainder of title | an example of material used. |
| Statement of responsibility, etc. | Reproduction made by Chamber of Commerce of the United States, Washington, D.C. |
| 260 ## - PUBLICATION, DISTRIBUTION, ETC. | |
| Place of publication, distribution, etc. | [Washington, |
| Date of publication, distribution, etc. | 1935] |
| 300 ## - PHYSICAL DESCRIPTION | |
| Extent | 39p. |
| Dimensions | 23cm. |
| 500 ## - GENERAL NOTE | |
| General note | "There is reproduced in this pamphlet the text of 'Young communists in action,' a so-called 'Handbook for young communists,' compiled by Lewis Miller and issued by the Educational department of the Young Communist League, District 13, which embraces California, Arizona, and Nevada."--p.[2] |
| 650 #0 - SUBJECT ADDED ENTRY--TOPICAL TERM | |
| Topical term or geographic name entry element | Communism |
| Geographic subdivision | United States. |
| 610 20 - SUBJECT ADDED ENTRY--CORPORATE NAME | |
| Corporate name or jurisdiction name as entry element | Young Communist League of the U.S. |
| 700 1# - ADDED ENTRY--PERSONAL NAME | |
| Personal name | Miller, Lewis, |
| Relator term | comp. |
| Title of a work | Young communists in action. |
No items available.